000
00325nam a22001337a 4500
008
260218b ||||| |||| 00| 0 eng d
020
_a
9951051456
041
_a
eng
080
_a
2.1
100
_a
20.1
101
_a
roman
245
_a
Folkloristikë
_c
Louri Honko, Anna-Leeno Sikola , John Miles Foley
942
_2
lcc
_c
BK
999
_c
60824
_d
60824